| 000 | 00465nam a22001457a 4500 | ||
|---|---|---|---|
| 082 | _a621.3 | ||
| 100 | _aAslam, Sana | ||
| 245 |
_aBright Lesions Detection in Retinal Images using Varying Box Sizes / _cSana Aslam |
||
| 260 |
_aIslamabad : _bMCS - NUST, _c2015. |
||
| 300 |
_a37 p. ; _c30cm. |
||
| 650 |
_aElectrical Engineering-MS-Thesis _916073 |
||
| 700 |
_aDr. Abdul Ghafoor _916207 |
||
| 942 |
_2ddc _cTHE |
||
| 999 |
_c541057 _d541057 |
||